|
|
|
|
| LEADER |
01307nam a2200325 u 4500 |
| 001 |
10078865 |
| 003 |
upatras |
| 005 |
20240413063254.0 |
| 008 |
090914s1997 f eng |
| 020 |
|
|
|a 044481714X
|
| 040 |
|
|
|a GR-PaULI
|c GR-PaULI
|
| 041 |
0 |
|
|a eng
|
| 082 |
1 |
4 |
|a 401.5113
|2 22
|
| 100 |
1 |
|
|a Eijck, J. van
|q (Jan)
|9 121798
|
| 245 |
1 |
0 |
|a Representing discourse in context
|c J. van Eijck and H. Kamp
|
| 260 |
|
|
|a Amsterdam
|b Elsevier
|c 1997
|
| 300 |
|
|
|a xxiii, 1247 p.
|c 25 cm.
|
| 490 |
0 |
|
|a Computational linguistics
|v 1
|
| 500 |
|
|
|a Reprinted from: Handbook of logic and language
|
| 504 |
|
|
|a Includes bibliographical references and index
|
| 650 |
|
4 |
|a Λογική, Συμβολική και μαθηματική
|9 472
|
| 650 |
|
0 |
|a Γλωσσολογία
|9 517
|
| 650 |
|
4 |
|9 7132
|a Σημασιολογία.
|
| 700 |
1 |
|
|a Kamp, Hans
|9 79804
|
| 760 |
0 |
|
|a Computational linguistics
|g 1
|
| 852 |
|
|
|a GR-PaULI
|b ΠΑΤΡΑ
|b ΦΙΛΟΛΟΓΙΑ
|k ΔΑΝΕΙΖ-6
|h 401.5113 EIJ
|m 008083
|p 025000194227
|t 1
|
| 942 |
|
|
|2 ddc
|
| 952 |
|
|
|0 0
|1 0
|2 ddc
|4 0
|6 401_511300000000000_EIJ
|7 0
|9 82106
|a LISP
|b LISP
|c BSC
|d 2016-04-24
|i 008083
|l 0
|o 401.5113 EIJ
|p 025000194227
|r 2016-10-10 00:00:00
|t 1
|w 2016-04-24
|y BK15
|x Μεταφορά Τμήματος Φιλολογίας
|
| 998 |
|
|
|c ELIDOC
|d 2009-09
|
| 999 |
|
|
|c 54687
|d 54687
|